Zenekari és szervezési kérdések a szabadtéri bizottság szombati ülésén. Vitéz dr. Shvoy Kálmán napirendelőtti felszólalása - Limitálták a zenekari költségeket

Elmentve itt :
Bibliográfiai részletek
Dokumentumtípus: Cikk
Megjelent: 1938-02-20
Sorozat:Délmagyarország 14 No. 40
Kulcsszavak:Shvoy Kálmán
Online Access:http://dmarchiv.bibl.u-szeged.hu/49898
LEADER 00548nab a2200145 i 4500
001 delm49898
005 20180927134837.0
008 180927s1938 hu o 0|| hun d
040 |a SZTE Délmagyarország Archívum  |b hun 
041 |a hun 
245 0 0 |a Zenekari és szervezési kérdések a szabadtéri bizottság szombati ülésén. Vitéz dr. Shvoy Kálmán napirendelőtti felszólalása - Limitálták a zenekari költségeket  |h [elektronikus dokumentum] 
260 |c 1938-02-20 
300 |a 5-6 
490 0 |a Délmagyarország  |v 14 No. 40 
695 |a Shvoy Kálmán